000 00581nam a2200145 a 4500
090 _aIAVH
_b01370
041 _aspa
100 _aTorres N., Andrés
_92806
245 _aEvaluación de la viabilidad para comercializar frutas amazónicas y sus productos en mercados de Bogotá y Neiva en canales de comercialización específicos y diseño de estrategias para el ingreso al mercado
260 _aBogotá
_bIAVH
_c2004
300 _a144 p.
650 _aComercialización de productos
_96152
650 _aEstrategias de biocomercio
_95213
650 _aCanales de comercialización
_92459
999 _c7089
_d7089